Sports Quiz

Random Sports or MLB Quiz

List the 1971-2011 World Series Opponents Quiz Stats

 Plays Quiz not verified by Sporcle

Score 0/30 Timer 11:00
0 Plays Today
Year Winning Team % Correct
????
100%
????
95.9%
????
93.6%
????
92.4%
????
92.4%
????
92.4%
????
91.2%
????
91.2%
????
91.2%
????
90.6%
????
90.6%
????
75.4%
????
75.4%
????
74.3%
????
74.3%
Year Winning Team % Correct
????
73.7%
????
73.7%
????
73.7%
????
73.7%
????
73.7%
????
65.5%
????
64.9%
????
64.9%
????
64.9%
????
64.3%
????
64.3%
????
64.3%
????
64.3%
????
63.7%
????
63.7%

You're not logged in!

Compare scores with friends on all Sporcle quizzes.
OR
Log In

You Might Also Like...

Show Comments

Extras

Top Quizzes Today


Score Distribution

Your Account Isn't Verified!

In order to create a playlist on Sporcle, you need to verify the email address you used during registration. Go to your Sporcle Settings to finish the process.

Report this User

Report this user for behavior that violates our Community Guidelines.

Details: